Concepts of programming languages

Concepts of Computer Programming Languages introduces students to the fundamental concepts of computer programming languages and provides them with the tools necessary to evaluate contemporary and future languages. An in-depth discussion of programming language structures, such as syntax and lexical...

ver descrição completa

Na minha lista:
Detalhes bibliográficos
Autor principal: Sebesta, Robert W.
Formato: Livro
Idioma:Undetermined
Publicado em: Boston Pearson/Addison-Wesley 1993
Assuntos:
Tags: Adicionar Tag
Sem tags, seja o primeiro a adicionar uma tag!
Thư viện lưu trữ: Trung tâm Học liệu Trường Đại học Cần Thơ
LEADER 00959nam a2200193Ia 4500
001 CTU_149442
008 210402s9999 xx 000 0 und d
082 |a 005.13 
082 |b S443 
100 |a Sebesta, Robert W. 
245 0 |a Concepts of programming languages 
245 0 |c Robert W. Sebesta 
260 |a Boston 
260 |b Pearson/Addison-Wesley 
260 |c 1993 
520 |a Concepts of Computer Programming Languages introduces students to the fundamental concepts of computer programming languages and provides them with the tools necessary to evaluate contemporary and future languages. An in-depth discussion of programming language structures, such as syntax and lexical and syntactic analysis, also prepares readers to study compiler design. 
650 |a Programming languages (Electronic computers),Ngôn ngữ lập trình (Máy điện toán) 
904 |i Giang 
980 |a Trung tâm Học liệu Trường Đại học Cần Thơ